[Event "AUT_2BO_200607"]
[Site "6 810Zwettl,4 511Bruck/L,2"]
[Date "2006.10.06"]
[Round "1"]
[Board "1"]
[White "Schlosser, Michael"]
[Black "Papp, Gabor"]
[Result "0-1"]
[WhiteElo "2335"]
[BlackElo "2466"]
[PlyCount "86"]
[EventDate "2006.10.06"]
[EventType "team"]
[EventRounds "11"]
[EventCountry "AUT"]
[WhiteTeam "Aljechin/Wieden"]
[BlackTeam "ASVOe SK Mattersburg"]

1.e4 c5 2.Nf3 d6 3.d4 cxd4 4.Nxd4 Nf6 5.Nc3 a6 6.Bc4 e6 7.Bb3 b5 8.a3 Bb7 9.Qe2
Nc6 10.Nxc6 Bxc6 11.O-O Be7 12.f4 O-O 13.f5 exf5 14.Rxf5 Bd7 15.Rf1 Bg4 16.Qd3
Nd7 17.Nd5 Ne5 18.Qd4 Bh4 19.Be3 Be2 20.Rf4 Rc8 21.Qa7 a5 22.Bb6 Qg5 23.Rf5 Qg4
24.Qxa5 Nf3+ 25.Kh1 Nxh2 26.Rf4 Qh5 27.Rxh4 Qxh4 28.Qe1 Qh5 29.Nf4 Nf3+ 30.Nxh5
Nxe1 31.Nf4 Nxc2 32.Rc1 Bc4 33.Bxc2 Bb3 34.Rd1 Bxc2 35.Rxd6 Bxe4 36.Rd4 Rfe8
37.Kh2 Rc2 38.Rb4 g5 39.Nh5 Rxg2+ 40.Kh3 g4+ 41.Kh4 Rh2+ 42.Kxg4 f5+ 43.Kg5 Kf7

[Event "AUT_2BO_200607"]
[Site "6 810Zwettl,4 511Bruck/L,2"]
[Date "2006.10.06"]
[Round "1"]
[Board "2"]
[White "Petrik, Tomas"]
[Black "Pachta, Paul"]
[Result "1-0"]
[WhiteElo "2544"]
[BlackElo "2300"]
[PlyCount "43"]
[EventDate "2006.10.06"]
[EventType "team"]
[EventRounds "11"]
[EventCountry "AUT"]
[WhiteTeam "ASVOe SK Mattersburg"]
[BlackTeam "Aljechin/Wieden"]

1.e4 c5 2.Nf3 d6 3.Bb5+ Nc6 4.O-O Bg4 5.h3 Bh5 6.c3 a6 7.Bxc6+ bxc6 8.d4 cxd4
9.cxd4 Nf6 10.Bg5 Qb6 11.Nbd2 h6 12.Bxf6 gxf6 13.Qc2 Rc8 14.Nc4 Qa7 15.Nh4 Qxd4
16.Rfe1 e6 17.Nf5 exf5 18.exf5+ Be7 19.Re4 Qc5 20.Rae1 Rc7 21.b4 Qxb4 22.Rb1

[Event "AUT_2BO_200607"]
[Site "6 810Zwettl,4 511Bruck/L,2"]
[Date "2006.10.06"]
[Round "1"]
[Board "3"]
[White "Hodisch, Juri"]
[Black "Petran, Peter"]
[Result "1-0"]
[WhiteElo "2349"]
[BlackElo "2320"]
[PlyCount "77"]
[EventDate "2006.10.06"]
[EventType "team"]
[EventRounds "11"]
[EventCountry "AUT"]
[WhiteTeam "Aljechin/Wieden"]
[BlackTeam "ASVOe SK Mattersburg"]

1.d4 g6 2.Nf3 Bg7 3.c4 d6 4.Nc3 Bg4 5.g3 Bxf3 6.exf3 c6 7.d5 Nf6 8.Bg2 O-O 9.O-O
a6 10.Re1 Re8 11.f4 Qc7 12.Be3 Nbd7 13.Rc1 e6 14.g4 h5 15.gxh5 gxh5 16.Bf3 exd5
17.cxd5 c5 18.Kh1 Nf8 19.Rg1 N8h7 20.Bxh5 Kh8 21.Bg4 Qe7 22.Bf5 Bh6 23.Qf3 Rg8
24.Rg3 Rae8 25.Rh3 Qf8 26.Rh4 Rg6 27.Bxg6 fxg6 28.Rg1 Bg7 29.Rxg6 Qf7 30.f5 b5
31.a3 Re5 32.Qh3 Rxd5 33.Nxd5 Qxd5+ 34.f3 Qd1+ 35.Rg1 Qb3 36.Bg5 Qf7 37.Bxf6
Bxf6 38.Rh6 d5 39.Rgg6

[Event "AUT_2BO_200607"]
[Site "6 810Zwettl,4 511Bruck/L,2"]
[Date "2006.10.06"]
[Round "1"]
[Board "4"]
[White "Brod, Manfred"]
[Black "Wirius, Stefan"]
[Result "1/2-1/2"]
[WhiteElo "2258"]
[BlackElo "2284"]
[PlyCount "61"]
[EventDate "2006.10.06"]
[EventType "team"]
[EventRounds "11"]
[EventCountry "AUT"]
[WhiteTeam "ASVOe SK Mattersburg"]
[BlackTeam "Aljechin/Wieden"]

1.e4 c5 2.Nf3 d6 3.d4 cxd4 4.Nxd4 Nf6 5.Nc3 Nc6 6.Be2 e5 7.Nf3 h6 8.O-O Be7
9.Re1 O-O 10.h3 Be6 11.Bf1 Nb8 12.b3 Nbd7 13.Bb2 Re8 14.Nd2 Nf8 15.Nc4 Ng6
16.Ne3 a6 17.a4 Bf8 18.a5 Nf4 19.Bc4 Rc8 20.Kh2 Qd7 21.Ncd5 N6xd5 22.Nxd5 Nxd5
23.Bxd5 Bxd5 24.exd5 f5 25.c4 Qf7 26.Qe2 g6 27.Rac1 e4 28.f4 Bg7 29.Qd2 Bxb2
30.Qxb2 Qg7 31.Qxg7+

[Event "AUT_2BO_200607"]
[Site "6 810Zwettl,4 511Bruck/L,2"]
[Date "2006.10.06"]
[Round "1"]
[Board "5"]
[White "Vitouch, Anatol"]
[Black "Riedner, Martin"]
[Result "1-0"]
[WhiteElo "2208"]
[BlackElo "2175"]
[PlyCount "57"]
[EventDate "2006.10.06"]
[EventType "team"]
[EventRounds "11"]
[EventCountry "AUT"]
[WhiteTeam "Aljechin/Wieden"]
[BlackTeam "ASVOe SK Mattersburg"]

1.Nf3 d5 2.c4 e6 3.b3 Nf6 4.g3 Be7 5.Bg2 c5 6.Bb2 d4 7.e3 Nc6 8.exd4 cxd4 9.O-O
O-O 10.Re1 a5 11.a3 Re8 12.d3 Bc5 13.Nbd2 e5 14.Ng5 Bf5 15.Nge4 Bf8 16.h3 Nxe4
17.Nxe4 Qd7 18.g4 Bxe4 19.Bxe4 Qd8 20.Qf3 Ra6 21.Bc1 Rb6 22.Rb1 f6 23.h4 g6
24.h5 g5 25.Qf5 Qe7 26.f4 h6 27.fxg5 fxg5 28.Qg6+ Kh8 29.Rf1

[Event "AUT_2BO_200607"]
[Site "6 810Zwettl,4 511Bruck/L,2"]
[Date "2006.10.06"]
[Round "1"]
[Board "6"]
[White "Savio, Alfred Jun"]
[Black "Goetz, Alexander"]
[Result "0-1"]
[WhiteElo "2060"]
[BlackElo "2172"]
[PlyCount "86"]
[EventDate "2006.10.06"]
[EventType "team"]
[EventRounds "11"]
[EventCountry "AUT"]
[WhiteTeam "ASVOe SK Mattersburg"]
[BlackTeam "Aljechin/Wieden"]

1.d4 Nf6 2.Nf3 g6 3.Bg5 Bg7 4.Nbd2 d6 5.e4 O-O 6.Bc4 c5 7.c3 cxd4 8.cxd4 Nc6
9.O-O h6 10.Be3 Ng4 11.a3 Qb6 12.Qb3 Qxb3 13.Bxb3 Bd7 14.Rac1 Rac8 15.Nb1 Na5
16.Ba2 Nxe3 17.fxe3 Bb5 18.Rfe1 Bd3 19.Nc3 e6 20.Nd2 a6 21.Na4 b5 22.Nb6 Rc6
23.b4 Rxb6 24.bxa5 Rb7 25.Rc3 Bc4 26.Nxc4 Rc7 27.Rcc1 Rfc8 28.d5 exd5 29.exd5
bxc4 30.Rc2 Rc5 31.Rb1 c3 32.Rb6 Rxa5 33.Rxd6 Rxa3 34.Rc6 Rd8 35.Bc4 a5 36.Ra2
Bf8 37.e4 a4 38.e5 Rb8 39.d6 Rb1+ 40.Kf2 Rxa2+ 41.Bxa2 Rb2+ 42.Ke3 Rxa2 43.d7
Rd2

[Event "AUT_2BO_200607"]
[Site "6 810Zwettl,4 511Bruck/L,2"]
[Date "2006.10.06"]
[Round "1"]
[Board "1"]
[White "Hangweyrer, Manfred"]
[Black "Ganaus, Hannes"]
[Result "1-0"]
[WhiteElo "2389"]
[BlackElo "2326"]
[PlyCount "111"]
[EventDate "2006.10.06"]
[EventType "team"]
[EventRounds "11"]
[EventCountry "AUT"]
[WhiteTeam "Austria Wien"]
[BlackTeam "SPG Data Technology Eichgraben/Pressbaum"]

1.e4 c6 2.d4 d5 3.exd5 cxd5 4.c4 Nf6 5.Nc3 e6 6.Nf3 Bb4 7.Bd3 dxc4 8.Bxc4 O-O
9.O-O b6 10.Bg5 Bxc3 11.bxc3 Bb7 12.Ne5 Nbd7 13.Qe2 Qc7 14.Nxd7 Qxd7 15.f3 Rac8
16.Rac1 Nd5 17.Rfd1 a6 18.Bd2 b5 19.Bd3 Nb6 20.Qf2 Bd5 21.Qg3 f5 22.Re1 Na4
23.Bb1 Rc6 24.h4 Rfc8 25.Re3 b4 26.Bc2 Nxc3 27.Rce1 Rf8 28.Re5 Bxa2 29.d5 Bxd5
30.h5 b3 31.Bd3 b2 32.h6 g6 33.Qf4 Ba2 34.Qb4 b1=Q 35.Bxb1 Nxb1 36.Bc1 Nc3
37.Bb2 Rcc8 38.R5e3 Nb5 39.Qh4 Qf7 40.Rd3 Rc4 41.Qg5 Rc2 42.Bg7 Re8 43.Ba1 Qe7
44.Qxe7 Rxe7 45.Rd8+ Kf7 46.Rh8 g5 47.Rxh7+ Kg6 48.Rxe7 Kxh6 49.Kh2 f4 50.Rg7
Rc7 51.Rg8 Nd6 52.Be5 Rc6 53.Bxd6 Rxd6 54.Re5 Rd5 55.Rxe6+ Kh7 56.Rxa6

[Event "AUT_2BO_200607"]
[Site "6 810Zwettl,4 511Bruck/L,2"]
[Date "2006.10.06"]
[Round "1"]
[Board "2"]
[White "Neumeier, Klaus"]
[Black "Plachetka, Jan"]
[Result "1/2-1/2"]
[WhiteElo "2289"]
[BlackElo "2402"]
[PlyCount "107"]
[EventDate "2006.10.06"]
[EventType "team"]
[EventRounds "11"]
[EventCountry "AUT"]
[WhiteTeam "SPG Data Technology Eichgraben/Pressbaum"]
[BlackTeam "Austria Wien"]

1.e4 c5 2.Nf3 d6 3.Bb5+ Nc6 4.Bxc6+ bxc6 5.O-O Bg4 6.h3 Bh5 7.d3 e5 8.Re1 Nf6
9.Nbd2 Be7 10.Nf1 Nd7 11.Ng3 Bg6 12.c3 O-O 13.d4 cxd4 14.cxd4 Re8 15.dxe5 dxe5
16.Be3 Bb4 17.Re2 c5 18.a3 Ba5 19.b4 cxb4 20.Rd2 Re7 21.Nxe5 Rxe5 22.Rxd7 Qe8
23.axb4 Bxb4 24.Raxa7 Rxa7 25.Bxa7 Bf8 26.f4 Re7 27.Rd8 Qc6 28.Qd4 f6 29.e5 fxe5
30.fxe5 Re8 31.Rxe8 Bxe8 32.Kh2 h6 33.Ne4 Qc2 34.Qd5+ Kh7 35.Bc5 Bg6 36.Nf6+
gxf6 37.Bxf8 Qc8 38.Qd6 Bf7 39.exf6 Qf5 40.Be7 Kg6 41.Qb8 h5 42.Qc7 Bd5 43.Bf8
Qxf6 44.Be7 Qf5 45.Bh4 Bf7 46.Bg3 Bd5 47.Be5 Qf7 48.Qd8 Qe6 49.Qh8 Qf7 50.h4 Qe7
51.Kg3 Qa3+ 52.Kh2 Qe7 53.Kg3 Qa3+ 54.Kh2

[Event "AUT_2BO_200607"]
[Site "6 810Zwettl,4 511Bruck/L,2"]
[Date "2006.10.06"]
[Round "1"]
[Board "3"]
[White "Pokorna, Regina"]
[Black "Weissenbeck, Manuel"]
[Result "0-1"]
[WhiteElo "2342"]
[BlackElo "2247"]
[PlyCount "72"]
[EventDate "2006.10.06"]
[EventType "team"]
[EventRounds "11"]
[EventCountry "AUT"]
[WhiteTeam "Austria Wien"]
[BlackTeam "SPG Data Technology Eichgraben/Pressbaum"]

1.e4 c5 2.Nf3 d6 3.d4 cxd4 4.Nxd4 Nf6 5.Nc3 a6 6.Bc4 e6 7.a3 Be7 8.Ba2 Bd7 9.O-O
O-O 10.f4 Nc6 11.Be3 Qc7 12.Qf3 Nxd4 13.Bxd4 e5 14.fxe5 dxe5 15.Qg3 Bc5 16.Bxc5
Qxc5+ 17.Kh1 Qe7 18.Rad1 Bc6 19.Rf5 Rfe8 20.Rdf1 Kh8 21.Nd5 Bxd5 22.Bxd5 Rac8
23.c3 Rc7 24.h3 Nxd5 25.Rxf7 Qxf7 26.Rxf7 Rxf7 27.exd5 e4 28.Qe3 Rf1+ 29.Kh2 Rd1
30.c4 Rd3 31.Qf4 Kg8 32.Qc7 Kf8 33.d6 e3 34.Qc5 Kg8 35.Qf5 Rxd6 36.c5 Rdd8

[Event "AUT_2BO_200607"]
[Site "6 810Zwettl,4 511Bruck/L,2"]
[Date "2006.10.06"]
[Round "1"]
[Board "4"]
[White "Pichler, Michael"]
[Black "Vokroj, Rene"]
[Result "1/2-1/2"]
[WhiteElo "2192"]
[BlackElo "2330"]
[PlyCount "40"]
[EventDate "2006.10.06"]
[EventType "team"]
[EventRounds "11"]
[EventCountry "AUT"]
[WhiteTeam "SPG Data Technology Eichgraben/Pressbaum"]
[BlackTeam "Austria Wien"]

1.e4 c5 2.Nc3 Nc6 3.g3 g6 4.Bg2 Bg7 5.d3 e6 6.Be3 Nd4 7.Nce2 Ne7 8.c3 Nxe2
9.Nxe2 d6 10.O-O O-O 11.Qd2 b6 12.d4 Ba6 13.Rfd1 Qc7 14.Nf4 Rfd8 15.Rac1 Rac8
16.Bh3 cxd4 17.cxd4 Qb7 18.Rxc8 Nxc8 19.d5 e5 20.Nd3 Ne7

[Event "AUT_2BO_200607"]
[Site "6 810Zwettl,4 511Bruck/L,2"]
[Date "2006.10.06"]
[Round "1"]
[Board "5"]
[White "Rogetzer, Klaus"]
[Black "Kopinits, Anna Christina"]
[Result "0-1"]
[WhiteElo "2116"]
[BlackElo "2153"]
[PlyCount "64"]
[EventDate "2006.10.06"]
[EventType "team"]
[EventRounds "11"]
[EventCountry "AUT"]
[WhiteTeam "Austria Wien"]
[BlackTeam "SPG Data Technology Eichgraben/Pressbaum"]

1.d4 Nf6 2.c4 c5 3.d5 b5 4.cxb5 a6 5.bxa6 Bxa6 6.Nc3 g6 7.e4 Bxf1 8.Kxf1 d6
9.Nf3 Bg7 10.h3 O-O 11.Kg1 Nbd7 12.Kh2 Qa5 13.Re1 Rfb8 14.Re2 h6 15.Kg1 Ne8
16.Rc2 Nc7 17.Qe2 Na6 18.Bd2 Nb4 19.Rcc1 Qa6 20.Qxa6 Rxa6 21.Rab1 Nb6 22.Rd1
Nxa2 23.e5 Nc4 24.Nxa2 Rxa2 25.Bc3 Ra6 26.Re1 Rab6 27.Re2 Rb3 28.Ra1 Nxb2
29.Bxb2 Rxb2 30.Rxb2 Rxb2 31.Ra6 dxe5 32.Ra8+ Kh7

[Event "AUT_2BO_200607"]
[Site "6 810Zwettl,4 511Bruck/L,2"]
[Date "2006.10.06"]
[Round "1"]
[Board "6"]
[White "Mayr, Thomas"]
[Black "Newrkla, Katharina"]
[Result "1-0"]
[WhiteElo "2130"]
[BlackElo "2039"]
[PlyCount "61"]
[EventDate "2006.10.06"]
[EventType "team"]
[EventRounds "11"]
[EventCountry "AUT"]
[WhiteTeam "SPG Data Technology Eichgraben/Pressbaum"]
[BlackTeam "Austria Wien"]

1.e4 c5 2.Ne2 d6 3.c4 Nf6 4.Nbc3 g6 5.d4 cxd4 6.Nxd4 Bg7 7.Be2 O-O 8.Be3 Nc6
9.O-O Bd7 10.f3 Qa5 11.Qd2 Rfc8 12.Rab1 Nxd4 13.Bxd4 Be6 14.b4 Qd8 15.Nd5 Nd7
16.Be3 Ne5 17.Rbc1 b6 18.h3 Bxd5 19.cxd5 Rxc1 20.Rxc1 Rc8 21.Rc2 Rxc2 22.Qxc2 a5
23.a3 axb4 24.axb4 Nd7 25.Qc6 Ne5 26.Qxb6 Qc8 27.f4 Nd7 28.Qc6 Qd8 29.Bb5 Nf6
30.Bd3 Qb8 31.b5

[Event "AUT_2BO_200607"]
[Site "6 810Zwettl,4 511Bruck/L,2"]
[Date "2006.10.06"]
[Round "1"]
[Board "1"]
[White "Polak, Thomas"]
[Black "Blatny, Pavel"]
[Result "1/2-1/2"]
[WhiteElo "2483"]
[BlackElo "2447"]
[PlyCount "32"]
[EventDate "2006.10.06"]
[EventType "team"]
[EventRounds "11"]
[EventCountry "AUT"]
[WhiteTeam "SV Stockerau"]
[BlackTeam "SK Zwettl"]

1.e4 e6 2.d4 d5 3.Nd2 dxe4 4.Nxe4 Be7 5.Nf3 Nd7 6.Bd3 Ngf6 7.Nxf6+ Bxf6 8.Qe2
Qe7 9.O-O c5 10.Be3 O-O 11.Rad1 cxd4 12.Bxd4 Bxd4 13.Nxd4 Nc5 14.Be4 e5 15.Nb3
Nxe4 16.Qxe4 Qc7

[Event "AUT_2BO_200607"]
[Site "6 810Zwettl,4 511Bruck/L,2"]
[Date "2006.10.06"]
[Round "1"]
[Board "2"]
[White "Holemar, David"]
[Black "Groetz, Harald"]
[Result "1/2-1/2"]
[WhiteElo "2270"]
[BlackElo "2399"]
[PlyCount "30"]
[EventDate "2006.10.06"]
[EventType "team"]
[EventRounds "11"]
[EventCountry "AUT"]
[WhiteTeam "SK Zwettl"]
[BlackTeam "SV Stockerau"]

1.e4 c5 2.Nf3 e6 3.g3 Nc6 4.Bg2 g6 5.d4 Bg7 6.dxc5 Qa5+ 7.c3 Qxc5 8.Be3 Qb5
9.Qc2 Nf6 10.Na3 Qa6 11.Bc5 Bf8 12.Bxf8 Kxf8 13.Bf1 Qa5 14.Nc4 Qc5 15.Ne3 d5

[Event "AUT_2BO_200607"]
[Site "6 810Zwettl,4 511Bruck/L,2"]
[Date "2006.10.06"]
[Round "1"]
[Board "3"]
[White "Wiedermann, Franz"]
[Black "Vyskocil, Neklan"]
[Result "0-1"]
[WhiteElo "2119"]
[BlackElo "2374"]
[PlyCount "68"]
[EventDate "2006.10.06"]
[EventType "team"]
[EventRounds "11"]
[EventCountry "AUT"]
[WhiteTeam "SV Stockerau"]
[BlackTeam "SK Zwettl"]

1.d4 Nf6 2.Nf3 e6 3.c4 b6 4.Nc3 Bb7 5.a3 d5 6.cxd5 Nxd5 7.Bd2 Be7 8.Qc2 O-O 9.e4
Nxc3 10.Bxc3 Nd7 11.Rd1 Nf6 12.Bd3 h6 13.O-O Qc8 14.Rfe1 c5 15.d5 Ne8 16.Bc4 Nd6
17.Ba2 exd5 18.Bxd5 Bxd5 19.Rxd5 Re8 20.Be5 Qe6 21.Red1 Red8 22.Qd3 Ne8 23.Bg3
Nf6 24.Rxd8+ Rxd8 25.Qxd8+ Bxd8 26.Rxd8+ Kh7 27.e5 Nh5 28.Rd2 b5 29.Bh4 Qc4
30.h3 g5 31.g4 Nf4 32.Bg3 Nxh3+ 33.Kh2 Qxg4 34.e6 Nf4

[Event "AUT_2BO_200607"]
[Site "6 810Zwettl,4 511Bruck/L,2"]
[Date "2006.10.06"]
[Round "1"]
[Board "4"]
[White "Zwettler, Martin"]
[Black "Schirmbeck, Hannes"]
[Result "1/2-1/2"]
[WhiteElo "2207"]
[BlackElo "2141"]
[PlyCount "25"]
[EventDate "2006.10.06"]
[EventType "team"]
[EventRounds "11"]
[EventCountry "AUT"]
[WhiteTeam "SK Zwettl"]
[BlackTeam "SV Stockerau"]

1.d4 Nf6 2.Nf3 d5 3.e3 Bf5 4.c4 c6 5.cxd5 cxd5 6.Qb3 Qb6 7.Qxb6 axb6 8.Nc3 e6
9.Bb5+ Nfd7 10.Bd2 Bd6 11.Ne5 Bxe5 12.dxe5 O-O 13.f4

[Event "AUT_2BO_200607"]
[Site "6 810Zwettl,4 511Bruck/L,2"]
[Date "2006.10.06"]
[Round "1"]
[Board "5"]
[White "Schmid, Thomas"]
[Black "Janetschek, Karl"]
[Result "1/2-1/2"]
[WhiteElo "2170"]
[BlackElo "2289"]
[PlyCount "107"]
[EventDate "2006.10.06"]
[EventType "team"]
[EventRounds "11"]
[EventCountry "AUT"]
[WhiteTeam "SV Stockerau"]
[BlackTeam "SK Zwettl"]

1.e4 c5 2.Nf3 e6 3.b3 d6 4.Bb5+ Nd7 5.O-O Ngf6 6.Re1 Be7 7.Bb2 O-O 8.d4 cxd4
9.Nxd4 a6 10.Bd3 Qc7 11.c4 b6 12.Nc3 Bb7 13.Rc1 Rac8 14.Bb1 Rfe8 15.f3 Qb8
16.Nde2 Bf8 17.Kh1 Ne5 18.Qd4 Bc6 19.a4 Ned7 20.Bc2 Red8 21.Red1 Ne8 22.Qe3 Be7
23.Nd5 Bf8 24.Ndc3 Bb7 25.f4 Be7 26.Qh3 Nf8 27.f5 Bf6 28.Nd4 Rc7 29.Qe3 Re7
30.fxe6 fxe6 31.Ba3 Rf7 32.Nf3 h6 33.Ne2 e5 34.Qxb6 Ne6 35.Qe3 Ng5 36.Rb1 Qa8
37.Nc3 Nxf3 38.Qxf3 d5 39.Nxd5 Bxd5 40.Rxd5 Rxd5 41.exd5 Be7 42.Bf5 e4 43.Qxe4
Bxa3 44.Be6 Nd6 45.Qd4 Kf8 46.Bxf7 Nxf7 47.b4 a5 48.bxa5 Qxa5 49.Rb8+ Nd8 50.g3
Qe1+ 51.Kg2 Ke8 52.Qd3 g5 53.Qxa3 Qe2+ 54.Kg1

[Event "AUT_2BO_200607"]
[Site "6 810Zwettl,4 511Bruck/L,2"]
[Date "2006.10.06"]
[Round "1"]
[Board "6"]
[White "Hangweyrer, Roman"]
[Black "Schirmbeck, Stefanie"]
[Result "1/2-1/2"]
[WhiteElo "2188"]
[BlackElo "2066"]
[PlyCount "44"]
[EventDate "2006.10.06"]
[EventType "team"]
[EventRounds "11"]
[EventCountry "AUT"]
[WhiteTeam "SK Zwettl"]
[BlackTeam "SV Stockerau"]

1.c4 c5 2.Nf3 Nf6 3.Nc3 g6 4.e4 d6 5.d4 cxd4 6.Nxd4 Nbd7 7.Be2 Bg7 8.O-O Nc5
9.f3 Ne6 10.Be3 O-O 11.Qd2 Nxd4 12.Bxd4 Nd7 13.Be3 Qa5 14.Rac1 Kh8 15.Rfd1 Nf6
16.b3 Be6 17.Nd5 Qxd2 18.Rxd2 Ng8 19.Nc7 Rac8 20.Nxe6 fxe6 21.Bxa7 Bh6 22.Rcd1
Bxd2

[Event "AUT_2BO_200607"]
[Site "6 810Zwettl,4 511Bruck/L,2"]
[Date "2006.10.06"]
[Round "1"]
[Board "1"]
[White "Markos, Jan"]
[Black "Schroll, Gerhard"]
[Result "1-0"]
[WhiteElo "2538"]
[BlackElo "2377"]
[PlyCount "39"]
[EventDate "2006.10.06"]
[EventType "team"]
[EventRounds "11"]
[EventCountry "AUT"]
[WhiteTeam "OMV Pamhagen"]
[BlackTeam "1 Wr NeustAedter SV"]

1.d4 f5 2.g3 Nf6 3.Bg2 g6 4.Nd2 Bg7 5.e4 fxe4 6.Nxe4 Nxe4 7.Bxe4 d5 8.Bg2 Nc6
9.Ne2 Bf5 10.O-O Qd7 11.c3 e5 12.dxe5 Nxe5 13.Nd4 O-O-O 14.Bg5 Rde8 15.Nxf5 Qxf5
16.Qxd5 c6 17.Qd2 h6 18.Bf4 Nc4 19.Qd1 g5 20.Qh5

[Event "AUT_2BO_200607"]
[Site "6 810Zwettl,4 511Bruck/L,2"]
[Date "2006.10.06"]
[Round "1"]
[Board "2"]
[White "Steiner, Bruno"]
[Black "Manik, Mikulas"]
[Result "1/2-1/2"]
[WhiteElo "2259"]
[BlackElo "2454"]
[PlyCount "32"]
[EventDate "2006.10.06"]
[EventType "team"]
[EventRounds "11"]
[EventCountry "AUT"]
[WhiteTeam "1 Wr NeustAedter SV"]
[BlackTeam "OMV Pamhagen"]

1.d4 Nf6 2.Bg5 c5 3.Bxf6 gxf6 4.d5 Qb6 5.Qc1 f5 6.c4 Bg7 7.Nc3 O-O 8.e3 d6 9.Bd3
Nd7 10.Qc2 Ne5 11.Rb1 Nxd3+ 12.Qxd3 e5 13.dxe6 fxe6 14.Nge2 e5 15.O-O Be6 16.e4
Qc6

[Event "AUT_2BO_200607"]
[Site "6 810Zwettl,4 511Bruck/L,2"]
[Date "2006.10.06"]
[Round "1"]
[Board "3"]
[White "Alvir, Aco"]
[Black "Posch, Werner"]
[Result "1/2-1/2"]
[WhiteElo "2370"]
[BlackElo "2225"]
[PlyCount "59"]
[EventDate "2006.10.06"]
[EventType "team"]
[EventRounds "11"]
[EventCountry "AUT"]
[WhiteTeam "OMV Pamhagen"]
[BlackTeam "1 Wr NeustAedter SV"]

1.e4 Nf6 2.e5 Nd5 3.d4 d6 4.Nf3 c6 5.Bc4 Bg4 6.h3 Bh5 7.e6 fxe6 8.O-O Nd7 9.Be2
Bxf3 10.Bxf3 g6 11.c4 Nc7 12.h4 Bg7 13.h5 Nf8 14.h6 Bf6 15.Nc3 d5 16.cxd5 exd5
17.Qb3 Rb8 18.Bf4 Nfe6 19.Bxc7 Qxc7 20.Rad1 Qd6 21.Rfe1 Nc7 22.Re2 e6 23.Na4 Kf7
24.Bg4 Rhe8 25.Qf3 e5 26.dxe5 Rxe5 27.Rxe5 Qxe5 28.Nc5 Qe7 29.Nd3 Re8 30.Qg3

[Event "AUT_2BO_200607"]
[Site "6 810Zwettl,4 511Bruck/L,2"]
[Date "2006.10.06"]
[Round "1"]
[Board "4"]
[White "Steiner, Adam"]
[Black "Lipka, Juraj"]
[Result "0-1"]
[WhiteElo "2150"]
[BlackElo "2418"]
[PlyCount "62"]
[EventDate "2006.10.06"]
[EventType "team"]
[EventRounds "11"]
[EventCountry "AUT"]
[WhiteTeam "1 Wr NeustAedter SV"]
[BlackTeam "OMV Pamhagen"]

1.e4 e6 2.d4 d5 3.exd5 exd5 4.Bd3 c5 5.Nf3 Nc6 6.O-O c4 7.Re1+ Be7 8.Be2 Nf6
9.b3 cxb3 10.axb3 O-O 11.c4 Re8 12.Nc3 Bb4 13.Bb2 Bg4 14.Ne5 Nxe5 15.dxe5 d4
16.Bxg4 dxc3 17.Qxd8 Raxd8 18.exf6 Rxe1+ 19.Rxe1 cxb2 20.Rb1 Rd2 21.h3 gxf6
22.Bf3 b6 23.Kh2 Bd6+ 24.Kg1 f5 25.Kf1 Kg7 26.g4 Kf6 27.Bd5 Bc5 28.Kg2 Rxf2+
29.Kg3 f4+ 30.Kh4 h6 31.Kh5 Rh2

[Event "AUT_2BO_200607"]
[Site "6 810Zwettl,4 511Bruck/L,2"]
[Date "2006.10.06"]
[Round "1"]
[Board "5"]
[White "Kuthan, Andreas"]
[Black "Todor, Razvan"]
[Result "1/2-1/2"]
[WhiteElo "2221"]
[BlackElo "2185"]
[PlyCount "35"]
[EventDate "2006.10.06"]
[EventType "team"]
[EventRounds "11"]
[EventCountry "AUT"]
[WhiteTeam "OMV Pamhagen"]
[BlackTeam "1 Wr NeustAedter SV"]

1.Nf3 d5 2.c4 c6 3.d4 Nf6 4.Nc3 e6 5.e3 Nbd7 6.Bd3 Bd6 7.O-O O-O 8.e4 dxe4
9.Nxe4 Nxe4 10.Bxe4 Nf6 11.Bc2 h6 12.b3 b6 13.Bb2 Bb7 14.Qd3 Re8 15.Rfe1 Qc7
16.c5 Be7 17.b4 Rad8 18.Qe2

[Event "AUT_2BO_200607"]
[Site "6 810Zwettl,4 511Bruck/L,2"]
[Date "2006.10.06"]
[Round "1"]
[Board "6"]
[White "Wiedner, Robert"]
[Black "Froschauer, Hans"]
[Result "1/2-1/2"]
[WhiteElo "2130"]
[BlackElo "2180"]
[PlyCount "146"]
[EventDate "2006.10.06"]
[EventType "team"]
[EventRounds "11"]
[EventCountry "AUT"]
[WhiteTeam "1 Wr NeustAedter SV"]
[BlackTeam "OMV Pamhagen"]

1.Nf3 Nf6 2.c4 g6 3.g3 Bg7 4.Bg2 O-O 5.d4 d6 6.Nc3 c6 7.Bg5 Qc7 8.Rc1 Nbd7 9.O-O
h6 10.Be3 Ng4 11.Bd2 e5 12.d5 a5 13.h3 Ngf6 14.Be3 Re8 15.Nd2 Nc5 16.Nb3 Nxb3
17.Qxb3 c5 18.Na4 Ra6 19.Bd2 Bd7 20.e4 Rb8 21.Nc3 a4 22.Qc2 b5 23.Nxb5 Bxb5
24.cxb5 Rxb5 25.Rfe1 Qb7 26.Rb1 Ra8 27.Bf1 Rb6 28.Bc4 Kh7 29.Kg2 h5 30.Bc3 Nd7
31.g4 h4 32.Qd2 Qc8 33.b3 axb3 34.axb3 Rbb8 35.Ra1 Qd8 36.Rxa8 Rxa8 37.Bb5 Bh6
38.Qe2 Bf4 39.Rb1 Ra7 40.Rb2 Nf6 41.Bd3 Ra3 42.Qc2 Qc8 43.Kf3 Qa8 44.Kg2 Ra1
45.Qe2 Ra3 46.Be1 Nd7 47.Bb5 Nb6 48.Bc4 Qa7 49.Qd3 Kg7 50.Bc3 Bg5 51.Bb5 Qc7
52.Qc2 Qa7 53.Rb1 Ra2 54.Rb2 Ra1 55.Qe2 Qa3 56.Bd3 Rc1 57.Rc2 Qxb3 58.Rxc1 Bxc1
59.Qc2 c4 60.Qxb3 cxb3 61.Bb4 Nc8 62.Kf1 Kf6 63.Ke2 Ke7 64.Kd1 Bb2 65.Bd2 f6
66.g5 Bd4 67.f3 Nb6 68.gxf6+ Kxf6 69.Bb5 b2 70.Kc2 Nc8 71.Bd7 Nb6 72.Bb5 Nc8
73.Bd7 Nb6

[Event "AUT_2BO_200607"]
[Site "6 810Zwettl,4 511Bruck/L,2"]
[Date "2006.10.06"]
[Round "1"]
[Board "1"]
[White "Srienz, Christian"]
[Black "Denk, Adolf"]
[Result "1/2-1/2"]
[WhiteElo "2241"]
[BlackElo "2294"]
[PlyCount "38"]
[EventDate "2006.10.06"]
[EventType "team"]
[EventRounds "11"]
[EventCountry "AUT"]
[WhiteTeam "SV Tschaturanga Neubau"]
[BlackTeam "St POelten"]

1.e4 d6 2.d4 e5 3.dxe5 dxe5 4.Qxd8+ Kxd8 5.Bc4 f6 6.Nc3 c6 7.Nge2 Nd7 8.Nd1 Nc5
9.f3 b5 10.Bf7 g6 11.Bd2 a5 12.a4 Nxa4 13.Nc1 Bb4 14.Bxb4 axb4 15.Nd3 Ne7 16.Bb3
Nb6 17.Rxa8 Nxa8 18.Nxb4 Kc7 19.Ne3 Nb6

[Event "AUT_2BO_200607"]
[Site "6 810Zwettl,4 511Bruck/L,2"]
[Date "2006.10.06"]
[Round "1"]
[Board "3"]
[White "Ernst, Michael"]
[Black "Woeber, Friedrich"]
[Result "1/2-1/2"]
[WhiteElo "2177"]
[BlackElo "2152"]
[PlyCount "88"]
[EventDate "2006.10.06"]
[EventType "team"]
[EventRounds "11"]
[EventCountry "AUT"]
[WhiteTeam "SV Tschaturanga Neubau"]
[BlackTeam "St POelten"]

1.d4 d5 2.c4 e6 3.Nc3 c5 4.cxd5 cxd4 5.Qxd4 Nc6 6.Qd1 exd5 7.Qxd5 Be6 8.Qxd8+
Rxd8 9.e3 Nb4 10.Bb5+ Ke7 11.Kf1 g5 12.Nf3 Bg7 13.Nd4 Bxd4 14.exd4 Nc2 15.Bxg5+
f6 16.Rc1 Nxd4 17.Be3 Nxb5 18.Nxb5 Bxa2 19.Nxa7 Ke6 20.f3 Ne7 21.Kf2 Nd5 22.Rhe1
Kf7 23.Nb5 Rhe8 24.Nc7 Re7 25.Nxd5 Bxd5 26.Bc5 Rxe1 27.Rxe1 Re8 28.Rd1 Bc6 29.g4
Re5 30.Bd4 Rd5 31.Ke3 h5 32.h3 Kg6 33.Rg1 hxg4 34.Rxg4+ Rg5 35.h4 Rxg4 36.fxg4
f5 37.g5 Bd5 38.Kf4 Be4 39.Ke5 Bf3 40.b4 Be2 41.Bc5 Bd1 42.b5 Be2 43.b6 Bd1
44.Be7 Be2